000 00805nam a2200265Ia 4500
003 OSt
005 20221005104910.0
006 a|||||r|||| 00| 0
007 ta
008 221004b |||||||| |||| 00| 0 hin d
020 _a8179020827 (hbk)
024 _a118708
037 _cTextual
040 _aCRL
_cCRL
_bhin
041 _2hin
_ahin
082 _aO152,6N65x, Q1
100 _aझा, मोदनाथ
245 0 _aअन्तर्ध्वनि
246 _aAntardhvani
260 _aदिल्ली
_bसावित्री प्रकाशन भारत
_c2011
300 _a111पृ0
_ccm.
650 _aहिन्दी साहित्य
942 _hO152,6N65x, Q1
_cTEXL
_2cc
999 _c1014120
_d1014120